[Event "Lima Santisimo op"]
[Site "Lima"]
[Date "2014.09.06"]
[Round "7"]
[White "Guerra, Jose"]
[Black "Gallegos, Ricardo"]
[Result "1/2-1/2"]
[WhiteElo "1832"]
[BlackElo "1878"]
[PlyCount "52"]
[EventDate "2014.08.30"]
[EventType "swiss"]
[EventRounds "8"]
[EventCountry "PER"]
[SourceTitle "CBM 162 Extra"]
[Source "ChessBase"]
[SourceDate "2014.10.17"]
[SourceVersion "1"]
[SourceVersionDate "2014.10.17"]
[SourceQuality "1"]

1. c4 Nf6 2. Nf3 e6 3. g3 b6 4. Bg2 Bb7 5. 0-0 c5 6. d4 cxd4 7. Qxd4 Nc6 8. Qf4 d5 9. Rd1 Bd6 10. Qh4 Na5 11. cxd5 Nxd5 12. Bg5 f6 13. Bd2 Nc6 14. e4 Nc7 15. Nc3 Qe7 16. Bf4 Bxf4 17. Qxf4 0-0 18. Rd2 Rad8 19. Rad1 Rxd2 20. Rxd2 Rd8 21. e5 Rxd2 22. Qxd2 Nxe5 23. Nxe5 Bxg2 24. Kxg2 fxe5 25. h4 Ne8 26. Ne4 Nf6 1/2-1/2

[Event "POR-ch Apuramento"]
[Site "Portugal"]
[Date "2003.??.??"]
[Round "2"]
[White "Cruz, Paulo A Pereira"]
[Black "Guerra, Jose"]
[Result "1-0"]
[WhiteElo "2035"]
[BlackElo "1750"]
[PlyCount "59"]
[EventDate "2003.??.??"]
[EventType "swiss"]
[EventRounds "9"]
[EventCountry "POR"]
[SourceTitle "EXT 2007"]
[Source "ChessBase"]
[SourceDate "2006.11.23"]
[SourceVersion "1"]
[SourceVersionDate "2006.11.23"]
[SourceQuality "1"]

1. e4 c5 2. Nc3 e6 3. g3 Nc6 4. Bg2 g6 5. d3 Bg7 6. Be3 d6 7. Nge2 Nd4 8. Qd2 Rb8 9. Nd1 Nxe2 10. Qxe2 b5 11. 0-0 Ne7 12. Qd2 e5 13. h3 0-0 14. f4 f5 15. c3 Qc7 16. Nf2 Bb7 17. g4 Rbd8 18. exf5 gxf5 19. g5 Ng6 20. Nh1 Bxg2 21. Qxg2 d5 22. fxe5 Bxe5 23. d4 cxd4 24. Bxd4 f4 25. Qg4 Qf7 26. Nf2 Bb8 27. h4 Rde8 28. Qh3 f3 29. Ng4 Be5 30. Nh6+ 1-0

[Event "POR-ch Apuramento"]
[Site "Portugal"]
[Date "2003.??.??"]
[Round "6"]
[White "Viela, Marco Antonio Folha"]
[Black "Guerra, Jose"]
[Result "1-0"]
[WhiteElo "2080"]
[BlackElo "1750"]
[PlyCount "61"]
[EventDate "2003.??.??"]
[EventType "swiss"]
[EventRounds "9"]
[EventCountry "POR"]
[SourceTitle "EXT 2007"]
[Source "ChessBase"]
[SourceDate "2006.11.23"]
[SourceVersion "1"]
[SourceVersionDate "2006.11.23"]
[SourceQuality "1"]

1. e4 c5 2. c3 d5 3. exd5 Qxd5 4. d4 e6 5. Nf3 Nc6 6. Be2 Nf6 7. Be3 cxd4 8. cxd4 Bb4+ 9. Nc3 0-0 10. 0-0 Qd8 11. Qb3 Bxc3 12. bxc3 b6 13. c4 h6 14. Rfd1 Bb7 15. Rac1 Qe7 16. d5 Na5 17. d6 Qd7 18. Qb2 Nc6 19. Bxh6 Rfe8 20. Ne5 Qd8 21. Bg5 Nxe5 22. Qxe5 Nd7 23. Qg3 Qc8 24. Bh6 g6 25. Bd3 Nf8 26. d7 Qxd7 27. Bxg6 Qxd1+ 28. Rxd1 Nxg6 29. h4 Kh7 30. Bg5 Bc6 31. Qc7 1-0